000 00684cad a22001815a 4500
001 E153015
008 110523s2009 xxk f 000 0 eng d
035 _a(Sirsi) u153015
041 0 _aeng
110 2 _aBritish Standards Institution
_9130
245 0 0 _aBSI structural Eurocodes companion
_h[electronic resource]
260 _aLondon
_bBSI
_c[2009]
520 _aProvides information on the introduction of Eurocodes, including their structure, role and benefits.
651 4 _aUnited Kingdom
_y
690 _aBUILT ENVIRONMENT-BUILDING STANDARDS
856 4 0 _uhttps://shop.bsigroup.com/en/Browse-by-Subject/Eurocodes/The-BSI-Companion-to-the-Structural-Eurocodes/
942 _n0
999 _c112326
_d112326